000 00420nam a22001697a 4500
005 20180621110140.0
008 160517b xxu||||| |||| 00| 0 eng d
020 _a81-297-0598-2
041 _aeng
082 _b2502
_a658.3
100 _aMALONE AND LAUBACHER
_94396
245 _aInventing the organizations of the 21st century
260 _bPearsons
_c2004
300 _a417
650 _aManagement
_9241
942 _cBK
999 _c914
_d914